000
00277nam a22001097a 4500
008
170117b xxu||||| |||| 00| 0 eng d
020
_a
9780834206090
041
_a
eng
080
_2
2nd
_a
618.2
245
_a
INNOVATIVE TEACHING STRATEGIES IN NURSING
_c
FUSZARD, B
942
_2
udc
_c
BK
999
_c
2989
_d
2989